Statistics for Main Languages of Switzerland

Click here to take the quiz!

General Stats

  • This quiz has been taken 1,126 times
  • The average score is 15 of 20

Answer Stats

# SpeakersLanguage% Correct
4,424,150German
100%
1,567,197French
99%
581,381Italian
99%
374,642English
93%
159,859Spanish
93%
32,244Russian
90%
256,560Portuguese
89%
36,857Arabic
84%
24,881Polish
84%
161,882Serbo-Croatian
83%
22,357Dutch
82%
40,299Romansh
81%
78,015Turkish
80%
13,763Greek
79%
13,433Czech
71%
20,597Hungarian
70%
188,125Albanian
61%
14,528Thai
31%
31,145Tamil
23%
19,401Kurdish
19%

Score Distribution

Percentile by Number Answered

Percent of People with Each Score

Your Score History

You have not taken this quiz